000 00508nam a2200169Ia 4500
005 20250508160016.0
008 008 250505s9999 xx 000 0 eng d
037 _aBooks to be hide in OPAC
040 _aFEDL
_beng
_cFEDL
041 _aeng
_2eng
084 _a379.591, BUR/O
_qFEDL
245 0 _aReport on public instruction in Burma for the year 1909-10
260 _aRangoon
_bThe Government Press
_c1910
300 _a66p.
942 _cHB
_h379.591, BUR/O
999 _c1360966
_d1360966